[Event "XVI Open"]
[Site "Crema ITA"]
[Date "2015.09.04"]
[Round "1"]
[White "Trifoni, Giorgio"]
[Black "Bini, Massimo"]
[WhiteElo "1644"]
[BlackElo "1988"]
[Result "0-1"]
[PlyCount "62"]
[EventDate "2015.09.04"]

1. c4 c6 2. g3 d5 3. b3 Bf5 4. Bg2 e6 5. Bb2 Nf6 6. d3 Be7 7. Nf3 h6 8. Nbd2
O-O 9. O-O Bh7 10. Qc1 a5 11. a3 Qb6 12. Qc3 Nbd7 13. e4 Nc5 14. Ne5 dxe4 15.
dxe4 Rfd8 16. b4 Na4 17. Qb3 Nxb2 18. Qxb2 axb4 19. axb4 Qxb4 20. Qxb4 Bxb4 21.
Nb3 Rxa1 22. Nxa1 Bxe4 23. Bxe4 Nxe4 24. Nc2 Bc5 25. Ng4 Nd2 26. Rc1 Nxc4 27.
Ne1 b5 28. Nd3 Rxd3 29. Ne5 Nxe5 30. Rxc5 Rd5 31. Rc1 c5 0-1

[Event "XVI Open"]
[Site "Crema ITA"]
[Date "2015.09.04"]
[Round "1"]
[White "Ventura, Salvatore"]
[Black "Esposito, Giuseppe"]
[WhiteElo "2083"]
[BlackElo "1726"]
[Result "1-0"]
[PlyCount "118"]
[EventDate "2015.09.04"]

1. c4 Nf6 2. g3 g6 3. Bg2 Bg7 4. Nc3 c6 5. e4 Na6 6. e5 Ng8 7. d4 c5 8. Be3 Nh6
9. g4 d6 10. exd6 Nxg4 11. dxe7 Qxe7 12. Nd5 Qh4 13. Qe2 O-O 14. Nf3 Qd8 15.
O-O Re8 16. Qd2 Be6 17. dxc5 Nxe3 18. fxe3 Nxc5 19. Rad1 Bxd5 20. cxd5 Qb6 21.
Nd4 Rad8 22. b4 Ne4 23. Qd3 f5 24. Qb3 Rd6 25. Ne6 Bh6 26. Rd3 Rexe6 27. dxe6
Rxd3 28. e7+ Rxb3 29. e8=Q+ Bf8 30. Bxe4 Qxe3+ 31. Kh1 Qxe4+ 32. Qxe4 fxe4 33.
axb3 Bxb4 34. Rf4 a5 35. Rxe4 b6 36. Rd4 Bc5 37. Rd7 Be3 38. Rb7 g5 39. Kg2 h5
40. Kf3 Bg1 41. h3 Bc5 42. Rd7 Kf8 43. Kg3 Ke8 44. Rh7 Bd6+ 45. Kf2 Bc5+ 46.
Ke2 h4 47. Rb7 Kf8 48. Kf3 Ke8 49. Ke4 Bf2 50. Rg7 Kd8 51. Kd3 Ke8 52. Kc4 Be3
53. Kb5 Kd8 54. Kc6 Ke8 55. Kc7 Kf8 56. Rd7 Ke8 57. Kd6 Bc5+ 58. Ke6 Kf8 59.
Kf6 Be3 1-0

[Event "XVI Open"]
[Site "Crema ITA"]
[Date "2015.09.04"]
[Round "2"]
[White "Acunzo, Domenico"]
[Black "Pricop, Mihail"]
[WhiteElo "1696"]
[BlackElo "1440"]
[Result "1/2-1/2"]
[PlyCount "130"]
[EventDate "2015.09.04"]

1. e4 e6 2. d4 d5 3. Nc3 Nf6 4. Bg5 Be7 5. e5 Nfd7 6. h4 c5 7. Bxe7 Qxe7 8. Nb5
Nb6 9. Nd6+ Kd8 10. dxc5 N6d7 11. Nxc8 Kxc8 12. Nf3 Qxc5 13. Bd3 Nc6 14. Qe2
Nd4 15. Nxd4 Qxd4 16. O-O-O Qxe5 17. Qd2 Nc5 18. Qa5 b6 19. Ba6+ Kc7 20. Qa3
Qd6 21. Rh3 d4 22. c3 Rhd8 23. Rxd4 Qe5 24. Re3 Qh2 25. Re2 Qg1+ 26. Kc2 Rxd4
27. cxd4 Nxa6 28. Qxa6 Qxg2 29. b3 Qc6+ 30. Kb2 Kd6 31. Rc2 Qd5 32. Qd3 g6 33.
Qc3 Ke7 34. Qc7+ Kf6 35. Qf4+ Kg7 36. Rc7 Qf5 37. Qe3 h6 38. f4 Qd5 39. Qc3 Rd8
40. Rxa7 Qxd4 41. Ra4 Qxc3+ 42. Kxc3 Kf6 43. Re4 Rc8+ 44. Kd4 Rc6 45. Re5 Ke7
46. a4 f6 47. a5 Rd6+ 48. Ke4 bxa5 49. Rxa5 Rb6 50. Ra3 Kd6 51. Kd4 e5+ 52.
fxe5+ fxe5+ 53. Kc4 g5 54. hxg5 hxg5 55. b4 Rc6+ 56. Kb5 Rc8 57. Rg3 Rg8 58.
Ka6 g4 59. b5 e4 60. b6 Ke5 61. b7 Kf4 62. Rb3 g3 63. b8=Q+ Rxb8 64. Rxb8 Kf3
65. Rf8+ Kg2 1/2-1/2

[Event "XVI Open"]
[Site "Crema ITA"]
[Date "2015.09.04"]
[Round "2"]
[White "Bini, Massimo"]
[Black "Riboldi, Raffaele"]
[WhiteElo "1988"]
[BlackElo "1839"]
[Result "1/2-1/2"]
[PlyCount "32"]
[EventDate "2015.09.04"]

1. d4 Nf6 2. Bf4 e6 3. e3 d5 4. Nd2 Be7 5. Bd3 b6 6. c3 Bb7 7. Ngf3 h6 8. Ne5
Nbd7 9. Qf3 c5 10. a4 O-O 11. g4 cxd4 12. exd4 Nxe5 13. Bxe5 Nd7 14. Bf4 f6 15.
Qh3 e5 16. Be3 e4 1/2-1/2

[Event "XVI Open"]
[Site "Crema ITA"]
[Date "2015.09.04"]
[Round "2"]
[White "Bongiorni, Gabriele"]
[Black "Menato, Nazario"]
[WhiteElo "1817"]
[BlackElo "1529"]
[Result "1-0"]
[PlyCount "77"]
[EventDate "2015.09.04"]

1. c4 c5 2. g3 Nc6 3. Nc3 e5 4. Bg2 Nf6 5. d3 d6 6. Bg5 Be7 7. Nf3 h6 8. Bxf6
Bxf6 9. O-O O-O 10. a3 a6 11. Ne1 Re8 12. Nc2 Rb8 13. Ne3 Be6 14. Ned5 Bxd5 15.
Nxd5 Nd4 16. e3 Nf5 17. Qf3 g6 18. g4 e4 19. dxe4 Bxb2 20. exf5 g5 21. Ra2 Be5
22. Qh3 Kg7 23. f6+ Bxf6 24. Nxf6 Qxf6 25. Bd5 b5 26. f4 Qc3 27. fxg5 Qxe3+ 28.
Qxe3 Rxe3 29. gxh6+ Kxh6 30. Rxf7 Rg8 31. Rf6+ Rg6 32. Rxg6+ Kxg6 33. h4 Rh3
34. h5+ Kg5 35. Kg2 Rh4 36. Bf3 bxc4 37. Rd2 c3 38. Rxd6 c2 39. Rd5+ 1-0

[Event "XVI Open"]
[Site "Crema ITA"]
[Date "2015.09.04"]
[Round "2"]
[White "Bonoldi, Fabio"]
[Black "Miconi, Francesco"]
[WhiteElo "1788"]
[BlackElo "1977"]
[Result "1/2-1/2"]
[PlyCount "66"]
[EventDate "2015.09.04"]

1. c4 Nf6 2. g3 g6 3. Bg2 Bg7 4. Nc3 O-O 5. d3 d6 6. e4 e5 7. Nge2 Nc6 8. O-O
Ne8 9. Be3 Be6 10. Qd2 Qd7 11. Bh6 Bh3 12. Bxg7 Nxg7 13. Nd5 Ne8 14. f4 Bxg2
15. Kxg2 f5 16. Nec3 Nd4 17. exf5 Nxf5 18. Rae1 c6 19. Ne3 Nxe3+ 20. Qxe3 exf4
21. Rxf4 Rxf4 22. Qxf4 Ng7 23. Ne4 Ne8 24. Rf1 Qg7 25. Ng5 Qe7 26. Ne6 Ng7 27.
Nxg7 Kxg7 28. Qd4+ Kg8 29. Rf4 Qe2+ 30. Rf2 Qe7 31. Rf4 Qe2+ 32. Rf2 Qe7 33.
Rf4 Qe2+ 1/2-1/2

[Event "XVI Open"]
[Site "Crema ITA"]
[Date "2015.09.04"]
[Round "2"]
[White "Brugo, Marco"]
[Black "Perico, Gianvittorio"]
[WhiteElo "2114"]
[BlackElo "1892"]
[Result "1-0"]
[PlyCount "37"]
[EventDate "2015.09.04"]

1. d4 d5 2. c4 e6 3. Nc3 Nf6 4. Nf3 Be7 5. e3 O-O 6. Qc2 c6 7. Bd3 h6 8. O-O
Nbd7 9. Rb1 dxc4 10. Bxc4 Nb6 11. Bb3 Nbd5 12. e4 Nxc3 13. bxc3 b6 14. e5 Nd5
15. c4 Nc7 16. Qe4 Bd7 17. Bc2 f5 18. exf6 Rxf6 19. Qh7+ 1-0

[Event "XVI Open"]
[Site "Crema ITA"]
[Date "2015.09.04"]
[Round "2"]
[White "Cassi, Elisa"]
[Black "Oteri, Aldo"]
[WhiteElo "1495"]
[BlackElo "1783"]
[Result "0-1"]
[PlyCount "46"]
[EventDate "2015.09.04"]

1. e4 e6 2. d4 d5 3. exd5 exd5 4. Nf3 Bg4 5. Be2 Bd6 6. Nc3 Ne7 7. O-O c6 8.
Re1 Qc7 9. Ne5 Bxe2 10. Qxe2 O-O 11. Qg4 Ng6 12. Nxg6 fxg6 13. Qe6+ Kh8 14. Bg5
Nd7 15. Re3 Bxh2+ 16. Kh1 Rxf2 17. Rh3 Raf8 18. g3 Bxg3 19. Qxg6 Rh2+ 20. Rxh2
Bxh2 21. Qh5 Qg3 22. Be7 Rf2 23. Bh4 Qg2# 0-1

[Event "XVI Open"]
[Site "Crema ITA"]
[Date "2015.09.04"]
[Round "2"]
[White "Colombo, Luca"]
[Black "Biava, Pierluigi"]
[WhiteElo "1836"]
[BlackElo "1572"]
[Result "1-0"]
[PlyCount "61"]
[EventDate "2015.09.04"]

1. e4 Nf6 2. e5 Nd5 3. d4 d6 4. Nf3 Bf5 5. Nh4 Bd7 6. Bc4 Nb6 7. Bb3 dxe5 8.
dxe5 Nc6 9. Nf3 Bg4 10. Bxf7+ Kxf7 11. Ng5+ Ke8 12. Qxg4 Nxe5 13. Qe4 Qd5 14.
Nc3 Qxe4+ 15. Ncxe4 h6 16. Ne6 Kd7 17. N4c5+ Kc6 18. Bf4 Ng6 19. Bg3 Nd7 20.
Nxd7 Kxd7 21. Nxc7 Rc8 22. O-O-O+ Kc6 23. Ne6 h5 24. h4 Rh6 25. Rhe1 Nh8 26.
Re3 b6 27. Rc3+ Kb7 28. Rd7+ Ka6 29. Ra3+ Kb5 30. Nd4+ Kb4 31. Rb3+ 1-0

[Event "XVI Open"]
[Site "Crema ITA"]
[Date "2015.09.04"]
[Round "2"]
[White "Cremonese, Giuseppina"]
[Black "Colonetti, Fabio"]
[WhiteElo "1437"]
[BlackElo "1712"]
[Result "0-1"]
[PlyCount "60"]
[EventDate "2015.09.04"]

1. e4 Nf6 2. Nc3 d5 3. d3 dxe4 4. Bg5 exd3 5. Bxd3 e6 6. Nge2 Be7 7. O-O O-O 8.
Qc1 Nbd7 9. Nb5 c6 10. Nbd4 c5 11. Nf3 Qc7 12. c3 Bd6 13. g3 b6 14. Qc2 Bb7 15.
Nh4 h6 16. Bxf6 Nxf6 17. f4 c4 18. Bh7+ Nxh7 19. Nd4 Bc5 20. b4 cxb3 21. axb3
Bxd4+ 22. Rf2 Bxf2+ 23. Qxf2 Qxc3 24. Rb1 Rfd8 25. f5 Qc5 26. fxe6 Qxf2+ 27.
Kxf2 fxe6 28. g4 Rd2+ 29. Kg3 Rad8 30. Kf4 g5+ 0-1

[Event "XVI Open"]
[Site "Crema ITA"]
[Date "2015.09.04"]
[Round "2"]
[White "De Palma, Fabrizio"]
[Black "Pinna, Ferdinando"]
[WhiteElo "2076"]
[BlackElo "1862"]
[Result "1/2-1/2"]
[PlyCount "69"]
[EventDate "2015.09.04"]

1. c4 e5 2. g3 Nc6 3. Nc3 Nf6 4. Bg2 Bc5 5. Nf3 d6 6. O-O O-O 7. d3 h6 8. a3 a6
9. b4 Ba7 10. Bb2 Bf5 11. Rc1 Qd7 12. e3 Ne7 13. Re1 c6 14. Ne2 Ng6 15. d4 e4
16. Nd2 d5 17. a4 Rac8 18. b5 Rfe8 19. cxd5 cxd5 20. Qb3 axb5 21. Qxb5 Qxb5 22.
axb5 Bd7 23. Nc3 Bb6 24. Bf1 Ba5 25. Nb3 Bb4 26. Red1 Bg4 27. Be2 Bxc3 28. Bxg4
Nxg4 29. Bxc3 b6 30. Bb4 Nf8 31. Rc6 Rxc6 32. bxc6 Ne6 33. Rc1 Nf6 34. c7 Rc8
35. Rc6 1/2-1/2

[Event "XVI Open"]
[Site "Crema ITA"]
[Date "2015.09.04"]
[Round "2"]
[White "Distratis, Gianluca"]
[Black "Bontempi, Piero"]
[WhiteElo "1955"]
[BlackElo "2364"]
[Result "0-1"]
[PlyCount "56"]
[EventDate "2015.09.04"]

1. e4 c5 2. c3 g6 3. d4 cxd4 4. cxd4 d5 5. e5 Bg7 6. Nc3 f6 7. Nf3 a6 8. h3 Nc6
9. Be3 e6 10. exf6 Nxf6 11. Bd3 O-O 12. Rc1 Nh5 13. Qd2 Qd6 14. Bh6 Rxf3 15.
gxf3 Nxd4 16. Be2 Bxh6 17. Qxh6 Nf4 18. Rd1 Qe5 19. Rxd4 Qxd4 20. Qg5 Bd7 21.
h4 h5 22. Bd1 Rc8 23. Bc2 Be8 24. Qe7 Qg7 25. Qd6 Qf6 26. Bb3 Rxc3 27. bxc3
Qxc3+ 28. Kd1 Qxf3+ 0-1

[Event "XVI Open"]
[Site "Crema ITA"]
[Date "2015.09.04"]
[Round "2"]
[White "Esposito, Giuseppe"]
[Black "Pricop, Alexandru"]
[WhiteElo "1726"]
[BlackElo "1479"]
[Result "1-0"]
[PlyCount "27"]
[EventDate "2015.09.04"]

1. e4 e6 2. d4 d5 3. Nc3 c5 4. Nf3 Qb6 5. exd5 exd5 6. Nxd5 Qc6 7. Bb5 Bd6 8.
Bxc6+ Nxc6 9. dxc5 Bb8 10. O-O Be6 11. Ng5 Bxd5 12. Qxd5 Nf6 13. Re1+ Kf8 14.
Qxf7# 1-0

[Event "XVI Open"]
[Site "Crema ITA"]
[Date "2015.09.04"]
[Round "2"]
[White "Folcini, Gaddo"]
[Black "Tagliaferri, Valerio"]
[WhiteElo "1585"]
[BlackElo "1830"]
[Result "0-1"]
[PlyCount "66"]
[EventDate "2015.09.04"]

1. e4 e6 2. d4 b6 3. Nf3 Bb7 4. Be2 Bxe4 5. Nc3 Bb7 6. O-O Nf6 7. Bg5 Be7 8.
Qd2 h6 9. Bxf6 Bxf6 10. Rae1 O-O 11. Qf4 d6 12. Ne4 Nd7 13. Qg3 Bxe4 14. Bd1
Bb7 15. c3 e5 16. Re3 e4 17. Nd2 Bg5 18. f4 exf3 19. Rd3 Ba6 20. c4 fxg2 21.
Qxg2 Bxd2 22. Rg3 Bg5 23. h4 f6 24. Qd5+ Kh8 25. Bc2 Qe8 26. hxg5 fxg5 27.
Rxf8+ Nxf8 28. Be4 Rb8 29. Qf5 Qe6 30. Qf3 Re8 31. Bd5 Qe1+ 32. Kh2 Re2+ 33.
Kh3 Bc8+ 0-1

[Event "XVI Open"]
[Site "Crema ITA"]
[Date "2015.09.04"]
[Round "2"]
[White "Giordano, Massimiliano"]
[Black "Gnata, Ilaria"]
[WhiteElo "1977"]
[BlackElo "1294"]
[Result "1-0"]
[PlyCount "81"]
[EventDate "2015.09.04"]

1. a3 e5 2. c3 Nf6 3. d4 exd4 4. cxd4 g6 5. Nf3 Bg7 6. Bg5 d5 7. Nc3 Qd6 8. e3
a6 9. Qb3 Nbd7 10. Rc1 c5 11. Bxf6 Nxf6 12. dxc5 Qxc5 13. Be2 Ne4 14. O-O Nxc3
15. bxc3 Qc6 16. Nd4 Qd6 17. Bf3 O-O 18. Bxd5 Rb8 19. Rfd1 Bd7 20. Bf3 Qc7 21.
c4 Rfc8 22. g3 b5 23. c5 Bf8 24. c6 Be8 25. Bg4 Rd8 26. a4 bxa4 27. Qxa4 f5 28.
Ne6 Rxd1+ 29. Bxd1 Qb6 30. Nxf8 Kxf8 31. Qa3+ Kg8 32. c7 Rc8 33. Bb3+ Bf7 34.
Bxf7+ Kxf7 35. Qd3 Ke6 36. Qc4+ Ke7 37. Qc6 Qa7 38. Rc5 a5 39. Re5+ Kf8 40.
Qf6+ Kg8 41. Re7 1-0

[Event "XVI Open"]
[Site "Crema ITA"]
[Date "2015.09.04"]
[Round "2"]
[White "Giuriato, Sergio"]
[Black "Formento, Paolo"]
[WhiteElo "1918"]
[BlackElo "2212"]
[Result "0-1"]
[PlyCount "96"]
[EventDate "2015.09.04"]

1. d4 Nf6 2. c4 e6 3. g3 c5 4. d5 exd5 5. cxd5 d6 6. Nf3 g6 7. Bg2 Bg7 8. Nc3
O-O 9. O-O a6 10. a4 Re8 11. Nd2 Nbd7 12. h3 Nh5 13. Nce4 Ndf6 14. Nxf6+ Nxf6
15. Nc4 Ne4 16. Bf4 Bf8 17. g4 f5 18. f3 Ng5 19. Qd2 Nf7 20. a5 Bd7 21. Rfe1
Qf6 22. e3 Bb5 23. Nb6 Rad8 24. Rac1 Bg7 25. Rc2 g5 26. Bh2 f4 27. e4 Qd4+ 28.
Kh1 Qxd2 29. Rxd2 Ne5 30. Bg1 Nc4 31. Nxc4 Bxc4 32. Bf1 Bb5 33. Kg2 b6 34. Bxb5
axb5 35. axb6 Rb8 36. Ra1 Rxb6 37. Ra7 b4 38. Kf1 b3 39. Ke2 Rb4 40. Kd1 Rc8
41. Ra6 Bf8 42. Kc1 Rc4+ 43. Kb1 Rb8 44. Bf2 Rc2 45. Be1 Rb4 46. Ra3 Rbc4 47.
Rxb3 Rc1+ 48. Ka2 Ra4+ 0-1

[Event "XVI Open"]
[Site "Crema ITA"]
[Date "2015.09.04"]
[Round "2"]
[White "Goldoni, Claudio"]
[Black "Nordio, Giorgio"]
[WhiteElo "2071"]
[BlackElo "1856"]
[Result "1-0"]
[PlyCount "75"]
[EventDate "2015.09.04"]

1. e4 c6 2. d4 d5 3. Nd2 dxe4 4. Nxe4 Bf5 5. Ng3 Bg6 6. f4 e6 7. Nf3 h6 8. Ne5
Bh7 9. Bc4 Nd7 10. O-O Ngf6 11. c3 Be7 12. Qe2 Nd5 13. f5 exf5 14. Nxf5 Bxf5
15. Rxf5 N7f6 16. Bxd5 cxd5 17. Qb5+ Kf8 18. Qxb7 Qc8 19. Qxc8+ Rxc8 20. Be3 g6
21. Rf3 Kg7 22. Raf1 Rc7 23. g4 g5 24. h4 Rhc8 25. hxg5 hxg5 26. Bxg5 Ne4 27.
Rxf7+ Kg8 28. Bh6 Bd6 29. Rxc7 Bxc7 30. Rf5 Bb8 31. Kg2 Nd6 32. Rf3 Ne4 33. Bf4
Nf6 34. Kg3 Kg7 35. Re3 Ne4+ 36. Kg2 Rf8 37. Rf3 a6 38. Bh6+ 1-0

[Event "XVI Open"]
[Site "Crema ITA"]
[Date "2015.09.04"]
[Round "2"]
[White "Grillo, Francesco"]
[Black "Tedoldi, Guido"]
[WhiteElo "1806"]
[BlackElo "1512"]
[Result "1-0"]
[PlyCount "89"]
[EventDate "2015.09.04"]

1. Nf3 c5 2. g3 Nc6 3. Bg2 e5 4. d3 Nf6 5. e4 d6 6. O-O Bg4 7. h3 Bh5 8. Qe1
Nb4 9. Qd2 Be7 10. a3 Nc6 11. Nc3 Bxf3 12. Bxf3 Nd4 13. Bg2 Rc8 14. Rb1 O-O 15.
b3 a6 16. Ne2 Qc7 17. c3 Ne6 18. Bb2 b5 19. f4 b4 20. c4 a5 21. a4 Nd4 22. Nxd4
cxd4 23. Qf2 Nd7 24. Bc1 Nc5 25. Qe2 Qd8 26. Bd2 Kh8 27. Rf3 f5 28. fxe5 dxe5
29. exf5 e4 30. dxe4 d3 31. Qe1 Bf6 32. Bf1 Re8 33. Qd1 Rxe4 34. Be3 Rxe3 35.
Rxe3 Bd4 36. Qd2 Bxe3+ 37. Qxe3 d2 38. Rd1 Nxb3 39. Qxb3 Qd4+ 40. Kg2 Re8 41.
Qd3 Rd8 42. Qxd4 Rxd4 43. Kf3 b3 44. Ke3 Rd6 45. Rxd2 1-0

[Event "XVI Open"]
[Site "Crema ITA"]
[Date "2015.09.04"]
[Round "2"]
[White "Lazic, Miroljub"]
[Black "Rossini, Fulvio"]
[WhiteElo "2466"]
[BlackElo "1964"]
[Result "1-0"]
[PlyCount "45"]
[EventDate "2015.09.04"]

1. g3 Nf6 2. Bg2 g6 3. e4 d6 4. d4 Bg7 5. Nc3 O-O 6. h3 Nbd7 7. Be3 e5 8. Nge2
Re8 9. Qd2 exd4 10. Bxd4 Ne5 11. b3 Bd7 12. O-O Qc8 13. g4 Bc6 14. Ng3 Re7 15.
f4 Nexg4 16. hxg4 Qxg4 17. Qf2 Nxe4 18. Ncxe4 Bxe4 19. Bxg7 Bxg2 20. Bf6 Bxf1
21. Bxe7 Bb5 22. Kh2 Re8 23. Ne4 1-0

[Event "XVI Open"]
[Site "Crema ITA"]
[Date "2015.09.04"]
[Round "2"]
[White "Lima, Francesco"]
[Black "Marinelli, Guido"]
[WhiteElo "1651"]
[BlackElo "1422"]
[Result "1-0"]
[PlyCount "47"]
[EventDate "2015.09.04"]

1. e4 a5 2. d4 Nf6 3. Nc3 c6 4. a4 g6 5. Bg5 Bg7 6. Bc4 e6 7. e5 h6 8. exf6
Bxf6 9. Bxf6 Qxf6 10. Nf3 O-O 11. Qd2 g5 12. h4 Qf5 13. hxg5 Qg6 14. gxh6 Kh7
15. O-O-O f6 16. Bd3 f5 17. Rdg1 Qg8 18. g4 b6 19. gxf5 Qf7 20. fxe6+ Kh8 21.
exf7 d6 22. h7 Ra7 23. Rg8+ Rxg8 24. fxg8=R# 1-0

[Event "XVI Open"]
[Site "Crema ITA"]
[Date "2015.09.04"]
[Round "2"]
[White "Maffeis, Fabio"]
[Black "Guanciale, Orazio"]
[WhiteElo "1594"]
[BlackElo "2172"]
[Result "0-1"]
[PlyCount "76"]
[EventDate "2015.09.04"]

1. d4 d6 2. c4 f5 3. Nf3 Nf6 4. Nc3 g6 5. e3 Bg7 6. Bd3 O-O 7. O-O Qe8 8. e4
fxe4 9. Nxe4 Nxe4 10. Bxe4 Nc6 11. Re1 Qf7 12. Bd5 e6 13. Be4 Nxd4 14. Be3 Nf5
15. Qd2 Nxe3 16. Qxe3 c6 17. Rab1 Qf4 18. b3 Qxe3 19. Rxe3 Rf6 20. Rd1 e5 21.
g3 Bf5 22. Bxf5 gxf5 23. Nh4 Kf7 24. Rf3 Ke6 25. Rfd3 Rd8 26. Ng2 d5 27. Ne3 d4
28. Nc2 c5 29. Re1 Kd6 30. Ne3 Kc6 31. h3 e4 32. Rdd1 Rd7 33. Ng2 Bh6 34. g4
fxg4 35. hxg4 Re7 36. Nh4 Rf4 37. f3 Rg7 38. Kg2 exf3+ 0-1

[Event "XVI Open"]
[Site "Crema ITA"]
[Date "2015.09.04"]
[Round "2"]
[White "Mansueti, Marco"]
[Black "Bevilacqua, Maurizio"]
[WhiteElo "1862"]
[BlackElo "2074"]
[Result "0-1"]
[PlyCount "74"]
[EventDate "2015.09.04"]

1. d4 c5 2. d5 Nf6 3. c4 g6 4. Nc3 Bg7 5. e4 O-O 6. e5 Ne8 7. Nf3 d6 8. Bf4 Bg4
9. exd6 exd6 10. Be2 Nd7 11. O-O a6 12. Re1 Rb8 13. h3 Bxf3 14. Bxf3 b5 15.
cxb5 axb5 16. Qe2 Ne5 17. Bxe5 Bxe5 18. Nxb5 Ng7 19. Rab1 Re8 20. Qc4 Qa5 21.
a4 Bh2+ 22. Kf1 Rxe1+ 23. Rxe1 Be5 24. b3 Nf5 25. Be2 Qd2 26. Rd1 Qa2 27. Rc1
Bb2 28. Qc2 Rxb5 29. Bxb5 Nd4 30. Qd1 Bxc1 31. Qxc1 Qxb3 32. Qe3 Qxd5 33. Qe8+
Kg7 34. Kg1 c4 35. Bd7 c3 36. Qe3 c2 37. Qc3 c1=R+ 0-1

[Event "XVI Open"]
[Site "Crema ITA"]
[Date "2015.09.04"]
[Round "2"]
[White "Maraschi, Alberto"]
[Black "Trifoni, Giorgio"]
[WhiteElo "1347"]
[BlackElo "1644"]
[Result "0-1"]
[PlyCount "92"]
[EventDate "2015.09.04"]

1. e4 c5 2. Nf3 e6 3. d4 cxd4 4. Nxd4 a6 5. Nc3 b5 6. a3 Bb7 7. Be2 Bc5 8. Bf3
Qb6 9. Be3 Nc6 10. Nxc6 Bxe3 11. Qe2 Bxf2+ 12. Qxf2 Qxf2+ 13. Kxf2 Bxc6 14. Ne2
Ne7 15. Nd4 Bb7 16. a4 b4 17. c4 bxc3 18. bxc3 Rc8 19. Rab1 Ba8 20. Rhc1 O-O
21. Rb6 a5 22. Ra6 Rc5 23. Nb5 Nc6 24. Nd6 Ne5 25. Be2 g6 26. h3 Bc6 27. Bb5
Bxb5 28. Nxb5 Nd3+ 29. Kg3 Nxc1 30. Rxa5 Rc4 31. Kf3 Na2 32. Ra7 Nxc3 33. Nxc3
Rxc3+ 34. Kf4 Rc4 35. Ra6 d5 36. Ke3 Rxe4+ 37. Kd3 Rb8 38. a5 Rb3+ 39. Kc2 Ra3
40. Kd2 Rea4 41. Ra8+ Kg7 42. Rc8 Rxa5 43. Ke2 Ra2+ 44. Ke3 R5a3+ 45. Kd4 Kf6
46. g4 Rd2+ 0-1

[Event "XVI Open"]
[Site "Crema ITA"]
[Date "2015.09.04"]
[Round "2"]
[White "Marchesotti, Giovanni"]
[Black "Milanesi, Erminio"]
[WhiteElo "1517"]
[BlackElo "1791"]
[Result "0-1"]
[PlyCount "92"]
[EventDate "2015.09.04"]

1. e4 g6 2. d4 Nh6 3. Bd3 f6 4. Be3 Nf7 5. Nf3 Bg7 6. c3 e6 7. O-O O-O 8. Nbd2
d6 9. Qc2 c6 10. Rac1 f5 11. exf5 exf5 12. Rfe1 Nd7 13. Nf1 Nf6 14. Ng5 Qc7 15.
Nxf7 Qxf7 16. f3 Be6 17. Bf4 Qd7 18. Qd2 Nh5 19. Bh6 Bxh6 20. Qxh6 Bxa2 21. Ne3
Ng7 22. Bc4+ Bxc4 23. Nxc4 b5 24. Nd2 Rfe8 25. f4 Rxe1+ 26. Rxe1 Re8 27. Qh4
Rxe1+ 28. Qxe1 Qe6 29. Qxe6+ Nxe6 30. g3 Kf7 31. Nb3 Nd8 32. Kf2 Ke6 33. Ke3
Nb7 34. Kd3 d5 35. Nc5+ Nxc5+ 36. dxc5 a5 37. h4 Kf6 38. Kd4 h6 39. Ke3 g5 40.
hxg5+ hxg5 41. Kd3 gxf4 42. gxf4 Kg6 43. Ke3 Kh5 44. Kd4 Kg4 45. Ke5 b4 46.
cxb4 axb4 0-1

[Event "XVI Open"]
[Site "Crema ITA"]
[Date "2015.09.04"]
[Round "2"]
[White "Masotti, Roberto"]
[Black "Popovich, Fabio"]
[WhiteElo "1859"]
[BlackElo "2018"]
[Result "1-0"]
[PlyCount "65"]
[EventDate "2015.09.04"]

1. b3 d6 2. Bb2 e5 3. g3 f5 4. e3 Nc6 5. Bg2 Nf6 6. Ne2 Be7 7. d3 a5 8. a3 Be6
9. c4 Bf7 10. Nbc3 O-O 11. Nd5 Qd7 12. Nec3 Rae8 13. O-O Bd8 14. b4 axb4 15.
axb4 Nxd5 16. Nxd5 Nb8 17. Ra8 Na6 18. b5 Nc5 19. Qc2 Bg5 20. Ra7 Ra8 21. Rfa1
Rxa7 22. Rxa7 Rb8 23. d4 exd4 24. Bxd4 Ne4 25. Qb2 Be6 26. f3 Bxd5 27. cxd5 Nc5
28. Bf1 Qe7 29. Qc3 b6 30. Bh3 g6 31. g4 fxg4 32. Bxg4 Bh6 33. Bxc5 1-0

[Event "XVI Open"]
[Site "Crema ITA"]
[Date "2015.09.04"]
[Round "2"]
[White "Migliorini, Matteo"]
[Black "Ranfagni, Stefano"]
[WhiteElo "2182"]
[BlackElo "1941"]
[Result "1/2-1/2"]
[PlyCount "103"]
[EventDate "2015.09.04"]

1. e4 e5 2. Nf3 Nc6 3. Bb5 a6 4. Ba4 Nf6 5. d3 b5 6. Bb3 Be7 7. O-O d6 8. a3
Bg4 9. Be3 O-O 10. Nc3 Nd4 11. Bxd4 exd4 12. Nd5 c6 13. Nxe7+ Qxe7 14. h3 Bxf3
15. Qxf3 Nd7 16. Qg3 Kh8 17. Rae1 f6 18. c3 dxc3 19. bxc3 Nc5 20. Bc2 Qe5 21.
d4 Qxg3 22. fxg3 Nd7 23. g4 Rad8 24. Rf2 c5 25. Bb3 c4 26. Bd1 Rfe8 27. Rb2 Rb8
28. Kf2 g5 29. Bc2 Rb6 30. a4 Reb8 31. axb5 Rxb5 32. Rxb5 Rxb5 33. Rb1 Kg7 34.
Rb4 Rxb4 35. cxb4 Nb6 36. Ke3 d5 37. Kd2 Kf7 38. exd5 Nxd5 39. Bxh7 Nxb4 40.
Be4 Ke6 41. Kc3 Nd5+ 42. Kxc4 Nf4 43. Kc5 Kd7 44. d5 a5 45. Bf3 a4 46. Kb4 Kd6
47. Kxa4 Nxd5 48. Kb3 Nf4 49. Kc3 Ke5 50. g3 Nxh3 51. Kd3 f5 52. gxf5 1/2-1/2

[Event "XVI Open"]
[Site "Crema ITA"]
[Date "2015.09.04"]
[Round "2"]
[White "Persico, Lorenzo"]
[Black "Scarabelli, Maurizio"]
[WhiteElo "1443"]
[BlackElo "1739"]
[Result "1/2-1/2"]
[PlyCount "71"]
[EventDate "2015.09.04"]

1. e4 c5 2. Nc3 e6 3. g3 Nc6 4. Bg2 Nf6 5. d3 Be7 6. Be3 d6 7. f4 Qc7 8. h3 a6
9. a4 Rb8 10. Nf3 b5 11. axb5 axb5 12. O-O b4 13. Ne2 e5 14. f5 d5 15. Nd2 dxe4
16. dxe4 Nd4 17. c3 bxc3 18. bxc3 Nxe2+ 19. Qxe2 O-O 20. g4 Bb7 21. g5 Nd7 22.
h4 Ra8 23. Rxa8 Rxa8 24. Qc4 Ba6 25. Qa2 Nb6 26. Rf2 Bc4 27. Qb1 Rb8 28. Qd1
Rd8 29. f6 Bf8 30. h5 Be6 31. Qf3 Qd7 32. Qg3 Nc4 33. fxg7 Bxg7 34. Nxc4 Bxc4
35. Bxc5 Qd1+ 36. Bf1 1/2-1/2

[Event "XVI Open"]
[Site "Crema ITA"]
[Date "2015.09.04"]
[Round "2"]
[White "Piana, Bruno"]
[Black "Romito, Donato"]
[WhiteElo "1410"]
[BlackElo "1691"]
[Result "0-1"]
[PlyCount "34"]
[EventDate "2015.09.04"]

1. e4 Nc6 2. d4 e5 3. d5 Nce7 4. Nf3 Ng6 5. Bd3 Nf6 6. O-O Bc5 7. Nc3 a6 8. Na4
Ba7 9. c4 d6 10. Nc3 O-O 11. Bd2 Bg4 12. h3 Bd7 13. b4 Qc8 14. Rc1 Bxh3 15.
gxh3 Qxh3 16. Be3 Ng4 17. Bxa7 Nf4 0-1

[Event "XVI Open"]
[Site "Crema ITA"]
[Date "2015.09.04"]
[Round "2"]
[White "Pisani, Valerio"]
[Black "Giretti Kanev, Jasen"]
[WhiteElo "1739"]
[BlackElo "2211"]
[Result "1-0"]
[PlyCount "99"]
[EventDate "2015.09.04"]

1. e4 e6 2. e5 d6 3. exd6 Bxd6 4. d4 b6 5. Nf3 Bb7 6. Bd3 Nd7 7. c3 h6 8. Be3
Ngf6 9. h3 Nd5 10. Qe2 O-O 11. Nbd2 e5 12. dxe5 Nxe5 13. Nxe5 Bxe5 14. O-O-O
Bxc3 15. Nf3 Bf6 16. Bb1 Qd6 17. Qd3 Rfd8 18. Qh7+ Kf8 19. Rd2 Bc3 20. Re2 g5
21. bxc3 Qa3+ 22. Rb2 Rd6 23. Bd4 Re6 24. Ne5 Rf6 25. Nd7+ Ke7 26. Bxf6+ Nxf6
27. Re1+ Be4 28. Rxe4+ Nxe4 29. Qxe4+ Kxd7 30. Qxa8 Qxc3+ 31. Rc2 Qe1+ 32. Kb2
Qb4+ 33. Ka1 Qd4+ 34. Rb2 a5 35. Qe4 Qg7 36. a3 c6 37. Ka2 Kc7 38. Rd2 Qf6 39.
Qd4 Qe6+ 40. Ka1 Qe7 41. Qc3 b5 42. Qxa5+ Kb7 43. Qc3 f6 44. Rc2 Qe6 45. Ba2
Qd6 46. Rd2 Qe7 47. Rd3 h5 48. Rf3 c5 49. Rxf6 c4 50. Qf3+ 1-0

[Event "XVI Open"]
[Site "Crema ITA"]
[Date "2015.09.04"]
[Round "2"]
[White "Raimondi, Celso"]
[Black "Rotoni, Matteo"]
[WhiteElo "1609"]
[BlackElo "2088"]
[Result "0-1"]
[PlyCount "42"]
[EventDate "2015.09.04"]

1. d4 d5 2. c4 Nc6 3. Nc3 dxc4 4. Nf3 Nf6 5. e3 e5 6. Bxc4 exd4 7. Nxd4 Nxd4 8.
exd4 Bd6 9. O-O O-O 10. h3 h6 11. Re1 c6 12. a3 Bc7 13. Ne4 Nxe4 14. Rxe4 Bf5
15. Re3 Qd6 16. Rg3 Rfe8 17. f4 Re4 18. Qb3 Qxd4+ 19. Kh2 Qxc4 20. Qxb7 Rae8
21. Rf3 R8e7 0-1